00681nam a2200229 a 4500001001300000003000900013005001700022008004100039020000800080082001500088100002200103245007600125260002500201300000900226500003500235505001300270700002200283902000800305942000700313952011400320999001700434nice12345678IN_TiNIC20260116015043.0050524s1990 dela grp 000 0 eng  ac000a005.1bCAR aCarpenter, Thomas aChristian Publisher in Computer Age, Marketing and Desk Top Publishingh aDelhi bISPCK c1990 a108p aincludes index and biblioraphy2 aAppendix1 aCarpenter, Thomas bSRS cBK 001040708StackRoom-aHMIbHMId2005-05-24g0.00l0o005.1 CARp11001342r2005-05-24v0.00w2005-05-24yBK c18121d18121